| 000 | 01332nam a22002297a 4500 | ||
|---|---|---|---|
| 001 | 5794 | ||
| 003 | FISKH | ||
| 005 | 20250122153846.0 | ||
| 008 | 250122b cb ||||| |||| 00| 0 eng d | ||
| 020 | _a0072863110 | ||
| 040 |
_aFISKH _beng _cFISKH _dFISKH |
||
| 050 | _aGN740.P75 | ||
| 082 | _a930.1 | ||
| 100 | _aPrice, T. Douglas | ||
| 245 |
_aImages of the past : _bFourth edition / _cby T. Douglas Price and Gary M. Feinman |
||
| 260 |
_aNew York : _bMcgraw-Hill , _c2005. |
||
| 300 |
_a562 pages : _bcolor illustrations ; _c28 cm . |
||
| 520 | _aThis well illustrated, full-color, site-by-site survey of prehistory captures the popular interest, excitement, and visual splendor of archaeology as it provides insight into the research, interpretations, and theoretical themes in the field. The new edition maintains the authors' innovative solutions to two central problems of the course: first, the text continues to focus on about 80 sites, giving students less encyclopedic detail but essential coverage of the discoveries that have produced the major insights into prehistory; second, it continues to be organized into essays on sites and concepts, allowing professors complete flexibility in organizing their courses.. | ||
| 650 |
_aarchaeology _vnon-fiction |
||
| 700 |
_aFeinman, Gary M. _eauthor |
||
| 942 |
_2ddc _cBK _n0 |
||
| 999 |
_c5794 _d5794 |
||